Follow That Line: Harry Potter and the Sorcerer's Stone Quiz Stats

Quiz Updated Nov 16, 2015

Challenge
Share
Tweet
Embed
Score 0/24 Timer 08:00
27 Plays Today
% Correct
If I see a single broom in the air, the one riding it will find themselves out of Hogwarts before they can say 'Quidditch.'
94.4%
Up to something.
94.2%
There's no such thing as magic.
93.2%
If you don't, it will only kill you faster!
93.1%
I'm a what?
92.4%
I award ten points to Neville Longbottom.
92.3%
I shouldn't have told you that. I should not have told you that.
92%
Thank you for that assessment, Mr. Weasley.
91.8%
But they'll turn up in a month or two!
91.8%
To all who do not wish to die a most painful death.
91.6%
Alas, earwax!
91.2%
Live off another. A mere parasite.
91%
% Correct
Ain't no safer place, not one! 'Cept perhaps Hogwarts.
89.5%
Apparently not.
88.5%
Thought you ought to know.
87.8%
I will not pay to have some crackpot old fool teach him magic tricks!
87.7%
Until he is ready.
86.3%
She needs to sort out her priorities.
85.9%
I can help you there.
85.5%
Codswallop in my opinion.
85.3%
Mr. Potter, our new celebrity.
84.3%
It's about you-know-what in vault you-know-which.
82.6%
That is one of my more brilliant ideas.
81.8%
Nighty-night.
74.7%

You're not logged in!

Compare scores with friends on all Sporcle quizzes.
Sign Up with Email
OR
Log In

You Might Also Like...

Show Comments

Extras

Top Quizzes Today


Score Distribution

Your Account Isn't Verified!

In order to create a playlist on Sporcle, you need to verify the email address you used during registration. Go to your Sporcle Settings to finish the process.